| 000 | 00597nam a22002297a 4500 | ||
|---|---|---|---|
| 003 | OSt | ||
| 005 | 20251121112650.0 | ||
| 008 | 251121b |||||||| |||| 00| 0 eng d | ||
| 020 | _a978-0534387426 | ||
| 020 | _a978-8131500507 | ||
| 040 | _cDDC | ||
| 082 | _a620 DAS 2002 | ||
| 100 |
_aDas, Braja M. _919523 |
||
| 245 | _aPrinciples of Geotechnical Engineering | ||
| 250 | _a5th ed. | ||
| 260 | _aAustralia; Thomson, 2002 | ||
| 300 | _axv,589p.; Ill: 24cm | ||
| 504 | _aAnswers, & Index included | ||
| 650 |
_aEngineering _9373 |
||
| 650 |
_aGeotechnology _919524 |
||
| 942 |
_2ddc _cO_SHELF |
||
| 999 |
_c9593 _d9593 |
||